000 00928nam a22002897a 4500
001 BR9509637
003 BR-BrBNA
005 20230928095129.0
007 ta
008 230509b bl.||||| |||| 00| 0 por d
040 _aBR-BrBNA
_bpor
_cBiblioteca Nacional de Agricultura
041 _a(Por)
072 _aH20
_b0150
_b4120
090 _ 0150 BR9509637
100 1 _aMassola Junior, N.S.
110 1 _aEscola Superior de Agricultura Luiz de Queiroz, Piracicaba, SP (Brasil)
_0Tese (Mestre em Agronomia)
245 1 _aMetodologia de inoculacao e parametros de avaliacao da mancha parda do arroz causada por Helminthosporium oryzae
260 3 _aPiracicaba, SP (Brasil):
_c1994.
300 _a43 p.
500 _a13 tables; Summaries (Eng, Por); 45 ref.
650 _aArroz
650 _aHelmintosporiose
650 _aMancha Parda
650 _aInoculacao
909 _a202309
_bLucia
_c55
_dLucia Elande
942 _cBK
999 _c54705
_d54705